The landscape of man : (Record no. 353653)
[ view plain ]
| 000 -LEADER | |
|---|---|
| fixed length control field | 01333cam a2200325 a 4500 |
| 001 - CONTROL NUMBER | |
| control field | 2544388 |
| 003 - CONTROL NUMBER IDENTIFIER | |
| control field | OSt |
| 005 - DATE AND TIME OF LATEST TRANSACTION | |
| control field | 20180116192414.0 |
| 008 - FIXED-LENGTH DATA ELEMENTS--GENERAL INFORMATION | |
| fixed length control field | 950803s1995 nyua b 001 0 eng |
| 010 ## - LIBRARY OF CONGRESS CONTROL NUMBER | |
| LC control number | 94061111 |
| 020 ## - INTERNATIONAL STANDARD BOOK NUMBER | |
| International Standard Book Number | 0500278199 |
| 040 ## - CATALOGING SOURCE | |
| Original cataloging agency | DLC |
| Transcribing agency | DLC |
| Modifying agency | DLC |
| 050 00 - LIBRARY OF CONGRESS CALL NUMBER | |
| Classification number | SB470.5 |
| Item number | .J44 1995 |
| 082 00 - DEWEY DECIMAL CLASSIFICATION NUMBER | |
| Classification number | 712.09 |
| Edition number | 20 |
| 100 1# - MAIN ENTRY--PERSONAL NAME | |
| Personal name | Jellicoe, Geoffrey, Alan, |
| Dates associated with a name | 1900- |
| 9 (RLIN) | 6359 |
| 245 14 - TITLE STATEMENT | |
| Title | The landscape of man : |
| Remainder of title | shaping the environment from prehistory to the present day / |
| Statement of responsibility, etc. | Geoffrey and Susan Jellicoe. |
| 250 ## - EDITION STATEMENT | |
| Edition statement | 3rd ed., expanded and updated, Rev. and enl. ed. |
| 260 ## - PUBLICATION, DISTRIBUTION, ETC. | |
| Place of publication, distribution, etc. | New York, N.Y. : |
| Name of publisher, distributor, etc. | Thames and Hudson, |
| Date of publication, distribution, etc. | 1995. |
| 300 ## - PHYSICAL DESCRIPTION | |
| Extent | 408 p. : |
| Other physical details | ill. ; |
| Dimensions | 29 cm. |
| 504 ## - BIBLIOGRAPHY, ETC. NOTE | |
| Bibliography, etc. note | Includes bibliographical references (p. 402-404) and index. |
| 650 #0 - SUBJECT ADDED ENTRY--TOPICAL TERM | |
| Topical term or geographic name entry element | Landscape architecture |
| General subdivision | History. |
| 9 (RLIN) | 6360 |
| 650 #0 - SUBJECT ADDED ENTRY--TOPICAL TERM | |
| Topical term or geographic name entry element | Nature |
| General subdivision | Effect of human beings on |
| -- | History. |
| 9 (RLIN) | 6361 |
| 650 #0 - SUBJECT ADDED ENTRY--TOPICAL TERM | |
| Topical term or geographic name entry element | Landscape architecture |
| General subdivision | History |
| -- | Pictorial works. |
| 9 (RLIN) | 6362 |
| 650 #0 - SUBJECT ADDED ENTRY--TOPICAL TERM | |
| Topical term or geographic name entry element | Nature |
| General subdivision | Effect of human beings on |
| -- | History |
| -- | Pictorial works. |
| 9 (RLIN) | 6363 |
| 700 1# - ADDED ENTRY--PERSONAL NAME | |
| Personal name | Jellicoe, Susan. |
| 9 (RLIN) | 6364 |
| 906 ## - LOCAL DATA ELEMENT F, LDF (RLIN) | |
| a | 7 |
| b | cbc |
| c | orignew |
| d | 2 |
| e | opcn |
| f | 19 |
| g | y-gencatlg |
| 942 ## - ADDED ENTRY ELEMENTS (KOHA) | |
| Source of classification or shelving scheme | |
| Koha item type | Book |
| Withdrawn status | Lost status | Source of classification or shelving scheme | Damaged status | Not for loan | Permanent Location | Current Location | Date acquired | Total Checkouts | Full call number | Barcode | Date last seen | Date last checked out | Copy number | Cost, replacement price | Price effective from | Koha item type |
|---|---|---|---|---|---|---|---|---|---|---|---|---|---|---|---|---|
| School of Art Design and Architecture (SADA) | School of Art Design and Architecture (SADA) | 08/27/2012 | 2 | 712.09 JEL 1995 | SADA0001833 | 04/15/2015 | 03/30/2015 | 1 | 2094.00 | 02/13/2013 | Book |
